000 00539nam a2200217 a 4500
001 11621
003 CO-ViMGA
008 141112s2004 ck r 000 u spa d
020 _a8474449782
040 _aCO-ViMGA
_bspa
_cCO-ViMGA
082 0 4 _a823.8 C67h
100 1 _aConrad, Joseph
_916205
245 1 0 _aLos herederos
250 _a1
260 _aMadrid. editorial Debate,
_c1996
300 _a210 p.
490 _aColección Constantino Bertolo
650 1 4 _aAMOR - NOVELA
_92654
650 1 4 _aNOVELA INGLESA
942 _2ddc
_cBK
999 _c22809
_d22809